[Event "Oberliga Ost B 2023 2024"]
[Site "?"]
[Date "2023.10.22"]
[Round "1.6"]
[Board "6"]
[White "Heck, Norbert"]
[Black "Mueller, Achim"]
[Result "1/2-1/2"]
[WhiteElo "2140"]
[BlackElo "2099"]
[PlyCount "68"]
[EventDate "2023.10.22"]
[EventType "team-tourn"]
[EventCountry "GER"]
[WhiteTeam "Neuberg SF"]
[BlackTeam "Schoeneck SF"]
[WhiteTeamCountry "GER"]
[BlackTeamCountry "GER"]

1. Nf3 c5 2. c4 Nf6 3. g3 e6 4. Bg2 Be7 5. O-O O-O 6. Nc3 d6 7. d4 cxd4 8. Nxd4 a6 9. e4 Qc7 10. Be3 Nbd7 11. Rc1 Rb8 12. f4 b6 13. e5 dxe5 14. Nc6 Bc5 15. Bxc5 Nxc5 16. Nxb8 Qxb8 17. b4 Ncd7 18. Qf3 Qd6 19. a3 exf4 20. Qxf4 e5 21. Qh4 Re8 22. Rfd1 Qe6 23. Nd5 Qf5 24. Bh3 Qf3 25. Bg2 Qxa3 26. c5 Nxd5 27. Bxd5 bxc5 28. Qc4 Qe3+ 29. Kg2 Nb6 30. Qxc5 Nxd5 31. Qxd5 Qe2+ 32. Kg1 Qe3+ 33. Kg2 Qe2+ 34. Kg1 Qe3+ 1/2-1/2

[Event "Oberliga Ost B 2023 2024"]
[Site "?"]
[Date "2023.10.22"]
[Round "1.6"]
[Board "7"]
[White "Jung, Kenny"]
[Black "Eull, Emil"]
[Result "0-1"]
[WhiteElo "1503"]
[BlackElo "2074"]
[PlyCount "82"]
[EventDate "2023.10.22"]
[EventType "team-tourn"]
[EventCountry "GER"]
[WhiteTeam "Schoeneck SF"]
[BlackTeam "Neuberg SF"]
[WhiteTeamCountry "GER"]
[BlackTeamCountry "GER"]

1. e4 c6 2. d4 d5 3. exd5 cxd5 4. Nf3 Nc6 5. Bd3 Bg4 6. c3 Qc7 7. Be3 e6 8. Nbd2 Bd6 9. h3 Bh5 10. Qe2 Nge7 11. a3 a6 12. O-O Bg6 13. Rac1 b5 14. Nb3 O-O 15. Nc5 Bxc5 16. dxc5 e5 17. Bxg6 Nxg6 18. Rcd1 Rad8 19. b4 h6 20. Qa2 Nce7 21. Rfe1 Kh7 22. Bc1 f6 23. Qc2 Qc8 24. Re2 Kg8 25. g4 e4 26. Nd4 f5 27. g5 f4 28. f3 e3 29. Rg2 h5 30. Kh2 Nh4 31. Rgg1 Nef5 32. Nxf5 Qxf5 33. Qe2 Qe5 34. Bb2 Qf5 35. Rd4 Rfe8 36. Rdd1 Re6 37. Rdf1 Rg6 38. Qe1 Qc2+ 39. Kh1 Nf5 40. Rg2 e2 41. Rxe2 Qxe2 0-1

[Event "Oberliga Ost B 2023 2024"]
[Site "?"]
[Date "2023.10.22"]
[Round "1.6"]
[Board "8"]
[White "Iwanziw, Niklas"]
[Black "Raetsch, Kurt"]
[Result "1-0"]
[WhiteElo "1879"]
[BlackElo "1963"]
[PlyCount "57"]
[EventDate "2023.10.22"]
[EventType "team-tourn"]
[EventCountry "GER"]
[WhiteTeam "Neuberg SF"]
[BlackTeam "Schoeneck SF"]
[WhiteTeamCountry "GER"]
[BlackTeamCountry "GER"]

1. d4 d5 2. c4 e6 3. Nf3 Nf6 4. g3 c5 5. cxd5 exd5 6. Bg2 Nc6 7. O-O h6 8. a3 a5 9. dxc5 Bxc5 10. Qc2 Qb6 11. Nc3 Be7 12. Be3 Qd8 13. Qb3 a4 14. Nxa4 O-O 15. Nb6 Ra6 16. Nxc8 Qxc8 17. Rfd1 Na5 18. Qd3 Nc4 19. Bd4 Bc5 20. a4 Rb6 21. Rab1 Re8 22. b3 Bxd4 23. bxc4 Rxb1 24. Rxb1 Ba7 25. cxd5 Qc5 26. e3 Nxd5 27. Rb5 Qc1+ 28. Qf1 Qc6 29. Nd4 1-0

[Event "Oberliga Ost B 2023 2024"]
[Site "?"]
[Date "2023.12.02"]
[Round "2.1"]
[Board "1"]
[White "Sadzikowski, Daniel"]
[Black "Kunin, Vitaly"]
[Result "1/2-1/2"]
[WhiteElo "2495"]
[BlackElo "2534"]
[PlyCount "21"]
[EventDate "2023.10.22"]
[EventType "team-tourn"]
[EventCountry "GER"]
[WhiteTeam "Heusenstamm SC"]
[BlackTeam "Moerlenbach Birkenau Freibauer"]
[WhiteTeamCountry "GER"]
[BlackTeamCountry "GER"]

1. e4 c5 2. Nf3 a6 3. c3 e6 4. d4 d5 5. e5 Bd7 6. Bd3 Nc6 7. a3 Nge7 8. O-O cxd4 9. cxd4 Nf5 10. Bxf5 exf5 11. Nc3 1/2-1/2

[Event "Oberliga Ost B 2023 2024"]
[Site "?"]
[Date "2023.12.02"]
[Round "2.1"]
[Board "2"]
[White "Galdunts, Sergey"]
[Black "Poetsch, Hagen"]
[Result "1/2-1/2"]
[WhiteElo "2393"]
[BlackElo "2470"]
[PlyCount "27"]
[EventDate "2023.10.22"]
[EventType "team-tourn"]
[EventCountry "GER"]
[WhiteTeam "Moerlenbach Birkenau Freibauer"]
[BlackTeam "Heusenstamm SC"]
[WhiteTeamCountry "GER"]
[BlackTeamCountry "GER"]

1. e4 e6 2. d3 d5 3. Qe2 Nc6 4. Nf3 e5 5. c3 Nf6 6. h3 a5 7. Nbd2 dxe4 8. dxe4 Bc5 9. Nc4 Nd7 10. Qc2 O-O 11. Ne3 Ne7 12. Bd2 c6 13. a4 Rb8 14. Be2 1/2-1/2

[Event "Oberliga Ost B 2023 2024"]
[Site "?"]
[Date "2023.12.02"]
[Round "2.1"]
[Board "3"]
[White "Zuyev, Igor"]
[Black "Clery, Nicolas"]
[Result "1-0"]
[WhiteElo "2454"]
[BlackElo "2317"]
[PlyCount "51"]
[EventDate "2023.10.22"]
[EventType "team-tourn"]
[EventCountry "GER"]
[WhiteTeam "Heusenstamm SC"]
[BlackTeam "Moerlenbach Birkenau Freibauer"]
[WhiteTeamCountry "GER"]
[BlackTeamCountry "GER"]

1. e4 c5 2. Nc3 e6 3. f4 d5 4. Nf3 Nf6 5. Bb5+ Bd7 6. Bxd7+ Qxd7 7. Ne5 Qc7 8. exd5 exd5 9. Qe2 Be7 10. g4 h6 11. g5 hxg5 12. fxg5 Nfd7 13. Nxf7 Kxf7 14. d4 cxd4 15. O-O+ Ke8 16. Qxe7+ Kxe7 17. Nxd5+ Kd8 18. Nxc7 Kxc7 19. Rf7 Rg8 20. Bf4+ Kd8 21. Re1 Nc6 22. Re6 Nc5 23. Re2 Rc8 24. g6 Nd7 25. Re6 Nc5 26. Bg5+ 1-0

[Event "Oberliga Ost B 2023 2024"]
[Site "?"]
[Date "2023.12.02"]
[Round "2.1"]
[Board "4"]
[White "Legde, Georg"]
[Black "Solonar, Stefan"]
[Result "1/2-1/2"]
[WhiteElo "2296"]
[BlackElo "2265"]
[PlyCount "117"]
[EventDate "2023.10.22"]
[EventType "team-tourn"]
[EventCountry "GER"]
[WhiteTeam "Moerlenbach Birkenau Freibauer"]
[BlackTeam "Heusenstamm SC"]
[WhiteTeamCountry "GER"]
[BlackTeamCountry "GER"]

1. d4 Nf6 2. c4 d6 3. Nf3 g6 4. g3 Bg7 5. Bg2 O-O 6. O-O Nbd7 7. Nc3 e5 8. e4 c6 9. h3 Qa5 10. Re1 exd4 11. Nxd4 Ne5 12. Bf1 Be6 13. f4 Nxc4 14. Nxe6 fxe6 15. Kg2 d5 16. e5 Ne8 17. h4 Rd8 18. h5 Qc5 19. hxg6 h6 20. Ne4 dxe4 21. Qxd8 Nf6 22. Qd1 Nd5 23. Qe2 b5 24. Qxe4 Nxe5 25. Be3 Nxe3+ 26. Rxe3 Ng4 27. Qxe6+ Kh8 28. Qxg4 Qxe3 29. Rd1 Qe4+ 30. Kh2 Qc2+ 31. Bg2 Qxb2 32. Qe6 c5 33. Qe7 Qf6 34. Qxc5 Qxg6 35. Rd6 Qf7 36. Ra6 Qc4 37. Qh5 b4 38. Rxa7 b3 39. axb3 Qxb3 40. Ra6 Qd3 41. Re6 Qf5 42. Qe2 Rb8 43. Re8+ Rxe8 44. Qxe8+ Qf8 45. Qh5 Qf6 46. Be4 Qe6 47. Bf5 Qe3 48. Kh3 Qe1 49. Qf3 Qe8 50. Bd3 Qe6+ 51. g4 Bf8 52. Bf5 Qf6 53. Bc2 Be7 54. Kg2 Qd4 55. Bb3 Kg7 56. Kh3 Qf6 57. Qe2 Qc3+ 58. Kg2 Bb4 59. Qe5+ 1/2-1/2

[Event "Oberliga Ost B 2023 2024"]
[Site "?"]
[Date "2023.12.02"]
[Round "2.1"]
[Board "5"]
[White "Klundt, Klaus"]
[Black "Boehmer, Christian"]
[Result "1-0"]
[WhiteElo "2268"]
[BlackElo "2173"]
[PlyCount "53"]
[EventDate "2023.10.22"]
[EventType "team-tourn"]
[EventCountry "GER"]
[WhiteTeam "Heusenstamm SC"]
[BlackTeam "Moerlenbach Birkenau Freibauer"]
[WhiteTeamCountry "GER"]
[BlackTeamCountry "GER"]

1. e4 c5 2. Nf3 e6 3. d4 cxd4 4. Nxd4 Nc6 5. Nc3 Qc7 6. Be3 a6 7. Qf3 Nf6 8. O-O-O Ne5 9. Qg3 h5 10. f4 Neg4 11. Bg1 b5 12. e5 b4 13. Na4 Nd5 14. h3 Nh6 15. f5 exf5 16. Qf3 Bb7 17. Nxf5 Nc3 18. Nd6+ Bxd6 19. exd6 Bxf3 20. dxc7 Nxa2+ 21. Kd2 Bxd1 22. Kxd1 O-O 23. Bc4 b3 24. c3 Nf5 25. Bb6 Rfe8 26. Bxb3 Re4 27. Bd5 1-0

[Event "Oberliga Ost B 2023 2024"]
[Site "?"]
[Date "2023.12.02"]
[Round "2.1"]
[Board "6"]
[White "Wrede, Michael"]
[Black "Roeschlau, Bernd"]
[Result "0-1"]
[WhiteElo "2179"]
[BlackElo "2217"]
[PlyCount "80"]
[EventDate "2023.10.22"]
[EventType "team-tourn"]
[EventCountry "GER"]
[WhiteTeam "Moerlenbach Birkenau Freibauer"]
[BlackTeam "Heusenstamm SC"]
[WhiteTeamCountry "GER"]
[BlackTeamCountry "GER"]

1. d4 Nf6 2. Bg5 d5 3. e3 Bf5 4. c4 Bxb1 5. Rxb1 Nbd7 6. Bxf6 exf6 7. c5 c6 8. b4 Be7 9. Nf3 O-O 10. Bd3 Re8 11. Qc2 g6 12. h4 Nf8 13. h5 Qd7 14. hxg6 fxg6 15. Ke2 Bd8 16. b5 Bc7 17. bxc6 bxc6 18. Rb7 Re7 19. Rhb1 Qg4 20. Kf1 Ne6 21. Qa4 Nd8 22. Rxa7 Rxa7 23. Qxa7 Kf7 24. a4 Qh5 25. Ke2 Ne6 26. Kd2 Qg4 27. Rg1 Nxd4 28. Nxd4 Bh2 29. Qxe7+ Kxe7 30. Rf1 Bc7 31. Nxc6+ Kf8 32. Nd4 Ba5+ 33. Kc2 Qxg2 34. c6 Ke7 35. Rb1 Qxf2+ 36. Be2 Qxe3 37. Rb7+ Kf8 38. c7 Bxc7 39. Rxc7 Qxd4 40. a5 Qa4+ 0-1

[Event "Oberliga Ost B 2023 2024"]
[Site "?"]
[Date "2023.12.02"]
[Round "2.1"]
[Board "7"]
[White "Flach, Erich"]
[Black "Schneider, Heiko"]
[Result "0-1"]
[WhiteElo "2070"]
[BlackElo "2150"]
[PlyCount "130"]
[EventDate "2023.10.22"]
[EventType "team-tourn"]
[EventCountry "GER"]
[WhiteTeam "Heusenstamm SC"]
[BlackTeam "Moerlenbach Birkenau Freibauer"]
[WhiteTeamCountry "GER"]
[BlackTeamCountry "GER"]

1. c4 e5 2. g3 Nf6 3. Bg2 d5 4. cxd5 Nxd5 5. Nc3 Nb6 6. Nf3 Nc6 7. O-O Be7 8. d3 O-O 9. a3 Re8 10. b4 a5 11. b5 Nd4 12. Bb2 Bf8 13. Nd2 Rb8 14. e3 Ne6 15. Nf3 f6 16. Qc2 c5 17. Rfd1 Qc7 18. Rac1 Qf7 19. Nd2 Nc7 20. Nc4 Nxc4 21. dxc4 Bg4 22. Rd2 Qh5 23. Rf1 Red8 24. b6 Ne6 25. f3 Bf5 26. Qd1 Qh6 27. Re1 Rxd2 28. Qxd2 Rd8 29. Nd5 Rd6 30. Qxa5 Bh3 31. Qa8 Bxg2 32. Kxg2 e4 33. f4 Nd8 34. Qc8 Qh5 35. g4 Qh4 36. Re2 f5 37. Qxf5 Rg6 38. h3 Nf7 39. Qxe4 Nh6 40. g5 Rxg5+ 41. Kf1 Rg3 42. Bc3 Qxh3+ 43. Ke1 Rg1+ 44. Kd2 Qf1 45. Qc2 Nf5 46. Rh2 h5 47. Be5 Rg2+ 48. Rxg2 Qxg2+ 49. Kc3 Qxc2+ 50. Kxc2 h4 51. Nc3 h3 52. Ne4 Nxe3+ 53. Kd3 Ng4 54. Bc7 Kf7 55. a4 h2 56. Ng3 Ke6 57. Ke2 Nf6 58. Kf3 Ne8 59. f5+ Kd7 60. Bf4 Bd6 61. a5 Kc6 62. Nh1 Bxf4 63. Kxf4 Nd6 64. Kg5 Nxc4 65. Kg6 Nd6 0-1

[Event "Oberliga Ost B 2023 2024"]
[Site "?"]
[Date "2023.12.02"]
[Round "2.1"]
[Board "8"]
[White "Wohlfart, Paulus"]
[Black "Benninger, Rudolf"]
[Result "1-0"]
[WhiteElo "2099"]
[BlackElo "1994"]
[PlyCount "113"]
[EventDate "2023.10.22"]
[EventType "team-tourn"]
[EventCountry "GER"]
[WhiteTeam "Moerlenbach Birkenau Freibauer"]
[BlackTeam "Heusenstamm SC"]
[WhiteTeamCountry "GER"]
[BlackTeamCountry "GER"]

1. d4 g6 2. c4 Bg7 3. Nc3 c5 4. d5 d6 5. e4 e6 6. Nf3 Ne7 7. Be2 O-O 8. O-O a6 9. a4 e5 10. Ne1 f5 11. f4 Nd7 12. Nd3 h6 13. fxe5 Nxe5 14. Nxe5 dxe5 15. Be3 b6 16. d6 Bb7 17. dxe7 Qxe7 18. Nd5 Bxd5 19. Qxd5+ Kh7 20. Rad1 Rad8 21. exf5 Rxd5 22. fxg6+ Kxg6 23. cxd5 Rxf1+ 24. Bxf1 e4 25. d6 Qd8 26. Rd5 Qa8 27. Rd2 Bf6 28. d7 Bd8 29. Rd6+ Kf5 30. Rxh6 Bf6 31. g4+ Ke5 32. g5 Be7 33. Bh3 Qd5 34. Re6+ Qxe6 35. Bxe6 Kxe6 36. g6 Bf6 37. Bh6 b5 38. axb5 axb5 39. Bg7 Be7 40. Bf8 Bf6 41. Bxc5 Kxd7 42. b3 Bg7 43. h4 Ke6 44. h5 Kf5 45. Be3 Be5 46. Kf1 Bc3 47. Bh6 Kf6 48. Bf8 Be5 49. Ke2 Bf4 50. Bc5 Bc1 51. Bd4+ Ke6 52. g7 Kf7 53. Be3 Bb2 54. h6 Be5 55. Kf1 Bf6 56. Kg2 Be5 57. Kh3 1-0

[Event "Oberliga Ost B 2023 2024"]
[Site "?"]
[Date "2023.12.02"]
[Round "2.2"]
[Board "1"]
[White "Plenca, Jadranko"]
[Black "Mazurek, Robert"]
[Result "0-1"]
[WhiteElo "2432"]
[BlackElo "2231"]
[PlyCount "100"]
[EventDate "2023.10.22"]
[EventType "team-tourn"]
[EventCountry "GER"]
[WhiteTeam "Hofheim SV II"]
[BlackTeam "Gernsheim SK"]
[WhiteTeamCountry "GER"]
[BlackTeamCountry "GER"]

1. e4 e5 2. Nf3 Nc6 3. Bb5 a6 4. Ba4 Nge7 5. c4 Ng6 6. d3 Bc5 7. Bg5 Be7 8. Be3 O-O 9. Nc3 d6 10. d4 exd4 11. Nxd4 Nxd4 12. Bxd4 Bf6 13. O-O Be5 14. Qd2 Bf4 15. Be3 Qg5 16. Kh1 Bxe3 17. fxe3 Ne5 18. Bb3 Be6 19. Qe2 c6 20. Rf4 Ng6 21. Rf2 Rad8 22. Raf1 Ne5 23. Rf4 Ng6 24. R4f2 Ne5 25. Rf4 b5 26. cxb5 Bxb3 27. axb3 axb5 28. Nd1 Qg6 29. Nf2 Qe6 30. Qc2 Ra8 31. h3 f6 32. Ng4 Nxg4 33. Rxg4 Qd7 34. Rh4 h6 35. Rg4 Rae8 36. Rc1 c5 37. Rd1 Re5 38. Qd2 Rd8 39. Qf2 Qe6 40. Qg3 Rd7 41. Rf1 b4 42. h4 Rf7 43. Rd1 Rd7 44. Rf1 Kh7 45. Rg6 Qxb3 46. Rf5 Qe6 47. Rf4 Rxe4 48. h5 Rxf4 49. Qxf4 Ra7 50. Qg3 Qe5 0-1

[Event "Oberliga Ost B 2023 2024"]
[Site "?"]
[Date "2023.12.02"]
[Round "2.2"]
[Board "3"]
[White "Plenca, Julijan"]
[Black "Dietz, Holger"]
[Result "1-0"]
[WhiteElo "2412"]
[BlackElo "2264"]
[PlyCount "53"]
[EventDate "2023.10.22"]
[EventType "team-tourn"]
[EventCountry "GER"]
[WhiteTeam "Hofheim SV II"]
[BlackTeam "Gernsheim SK"]
[WhiteTeamCountry "GER"]
[BlackTeamCountry "GER"]

1. e4 e6 2. d4 d5 3. e5 c5 4. c3 Bd7 5. Nf3 Qb6 6. Bd3 cxd4 7. Nxd4 Nc6 8. Nxc6 bxc6 9. O-O Ne7 10. Qe2 Rb8 11. Nd2 c5 12. c4 Nc6 13. f4 Be7 14. Kh1 Qc7 15. Nf3 Nb4 16. Bb1 dxc4 17. Nd2 c3 18. bxc3 Nd5 19. Ne4 O-O 20. c4 Nb4 21. Nf6+ Bxf6 22. Bxh7+ Kxh7 23. Qh5+ Kg8 24. exf6 Nd5 25. cxd5 Qd8 26. fxg7 Kxg7 27. Qg4+ 1-0

[Event "Oberliga Ost B 2023 2024"]
[Site "?"]
[Date "2023.12.02"]
[Round "2.2"]
[Board "4"]
[White "Braun, Vitali"]
[Black "Weber, Ulrich"]
[Result "1-0"]
[WhiteElo "2343"]
[BlackElo "2333"]
[PlyCount "115"]
[EventDate "2023.10.22"]
[EventType "team-tourn"]
[EventCountry "GER"]
[WhiteTeam "Gernsheim SK"]
[BlackTeam "Hofheim SV II"]
[WhiteTeamCountry "GER"]
[BlackTeamCountry "GER"]

1. d4 Nf6 2. c4 g6 3. Nc3 Bg7 4. e4 d6 5. Nf3 O-O 6. Be2 e5 7. O-O Nc6 8. d5 Ne7 9. b4 Nh5 10. Re1 f5 11. a4 fxe4 12. Nxe4 Nf4 13. Bf1 h6 14. Ra3 Kh8 15. a5 g5 16. h3 g4 17. hxg4 Bxg4 18. g3 Nh5 19. Be2 Nf6 20. Nfd2 Bf5 21. Bf3 Neg8 22. Kg2 Qe8 23. Rh1 Qg6 24. Rh4 Rae8 25. Qe2 Re7 26. Nxf6 Nxf6 27. Ne4 Nxe4 28. Bxe4 Kh7 29. Rf3 Ref7 30. Rxf5 Rxf5 31. Be3 Kg8 32. Bxa7 Qe8 33. Bxf5 Rxf5 34. Qe4 Rf6 35. Be3 Qa4 36. c5 dxc5 37. Bxc5 b6 38. axb6 cxb6 39. Be3 Qd1 40. Rh1 Qe2 41. Rh4 h5 42. d6 Rxd6 43. Qa8+ Bf8 44. Qe8 Rf6 45. Rxh5 e4 46. Rg5+ Kh8 47. Bd4 Qf3+ 48. Kh2 Kh7 49. Qd7+ Kh6 50. Be3 Qxe3 51. fxe3 Kxg5 52. Qd5+ Kh6 53. Qxe4 Bd6 54. Kg2 Kg5 55. Qd4 Bf8 56. e4 Re6 57. Qd8+ Be7 58. Qd5+ 1-0

[Event "Oberliga Ost B 2023 2024"]
[Site "?"]
[Date "2023.12.02"]
[Round "2.2"]
[Board "5"]
[White "Zude, Arno"]
[Black "Mueller, Maximilian"]
[Result "1/2-1/2"]
[WhiteElo "2325"]
[BlackElo "2297"]
[PlyCount "139"]
[EventDate "2023.10.22"]
[EventType "team-tourn"]
[EventCountry "GER"]
[WhiteTeam "Hofheim SV II"]
[BlackTeam "Gernsheim SK"]
[WhiteTeamCountry "GER"]
[BlackTeamCountry "GER"]

1. e4 c5 2. Nf3 d6 3. d4 cxd4 4. Nxd4 Nf6 5. Nc3 e5 6. Bb5+ Bd7 7. Bxd7+ Qxd7 8. Nde2 Qc6 9. f3 h6 10. Be3 Na6 11. Qd2 Nc7 12. Rd1 Rc8 13. O-O a6 14. Ng3 g6 15. Rf2 Qd7 16. Re2 h5 17. Bg5 Nh7 18. Bh6 Rd8 19. Nf1 Nf6 20. Bg5 Be7 21. Ne3 Ne6 22. Bxf6 Bxf6 23. Ncd5 Bg5 24. Qb4 O-O 25. c3 b5 26. Qa5 Kg7 27. Nc2 f5 28. Ncb4 fxe4 29. Rxe4 Nc5 30. Re2 Rf7 31. Nd3 Qa7 32. Qb6 Qxb6 33. Nxb6 Nb7 34. Nf2 Be7 35. Ne4 Kh6 36. Red2 g5 37. c4 g4 38. fxg4 hxg4 39. cxb5 axb5 40. Nd5 Nc5 41. Nxc5 dxc5 42. Nxe7 Rxd2 43. Ng8+ Kg7 44. Rxd2 Kxg8 45. Rd5 g3 46. hxg3 Rc7 47. Rxe5 b4 48. a3 b3 49. a4 c4 50. a5 c3 51. bxc3 Rxc3 52. Rb5 Rc1+ 53. Kh2 Ra1 54. Rxb3 Rxa5 55. g4 Kg7 56. Kg3 Kg6 57. Kh4 Ra6 58. Rb4 Rc6 59. g5 Ra6 60. Rf4 Ra2 61. Rf6+ Kg7 62. g3 Ra4+ 63. Kh5 Ra1 64. Rg6+ Kh7 65. Rb6 Rh1+ 66. Kg4 Kg7 67. g6 Rc1 68. Kh4 Rc4+ 69. g4 Rc5 70. Ra6 1/2-1/2

[Event "Oberliga Ost B 2023 2024"]
[Site "?"]
[Date "2023.12.02"]
[Round "2.2"]
[Board "6"]
[White "Peterson, Emery"]
[Black "Kushka, Alena"]
[Result "1/2-1/2"]
[WhiteElo "2171"]
[BlackElo "2162"]
[PlyCount "80"]
[EventDate "2023.10.22"]
[EventType "team-tourn"]
[EventCountry "GER"]
[WhiteTeam "Gernsheim SK"]
[BlackTeam "Hofheim SV II"]
[WhiteTeamCountry "GER"]
[BlackTeamCountry "GER"]

1. e4 c5 2. d3 g6 3. Nc3 Bg7 4. g3 e6 5. Bg2 Ne7 6. f4 d5 7. e5 f6 8. Nf3 O-O 9. exf6 Bxf6 10. O-O Nbc6 11. Re1 a6 12. Ne2 d4 13. Nd2 Bg7 14. Ne4 b6 15. Kh1 Ra7 16. Ng1 Nd5 17. Nf3 Ne3 18. Bxe3 dxe3 19. c3 e5 20. Nxe5 Bxe5 21. fxe5 Nxe5 22. Rxe3 Ng4 23. Rf3 Be6 24. Qe2 Bf5 25. Raf1 Raf7 26. h3 Bxe4 27. dxe4 Rxf3 28. Rxf3 Rxf3 29. Qxf3 Ne5 30. Qf4 Qd6 31. b3 b5 32. Qe3 Kg7 33. a4 h6 34. Qe2 bxa4 35. bxa4 Qd3 36. Qb2 Qxg3 37. Qb7+ Nf7 38. c4 Qe5 39. Qxa6 Qa1+ 40. Kh2 Qe5+ 1/2-1/2

[Event "Oberliga Ost B 2023 2024"]
[Site "?"]
[Date "2023.12.02"]
[Round "2.2"]
[Board "7"]
[White "Fish, Jonathan M"]
[Black "Schupp, Uwe"]
[Result "1-0"]
[WhiteElo "2105"]
[BlackElo "2062"]
[PlyCount "65"]
[EventDate "2023.10.22"]
[EventType "team-tourn"]
[EventCountry "GER"]
[WhiteTeam "Hofheim SV II"]
[BlackTeam "Gernsheim SK"]
[WhiteTeamCountry "GER"]
[BlackTeamCountry "GER"]

1. e4 d6 2. d4 Nf6 3. Nc3 e5 4. Nf3 exd4 5. Nxd4 Be7 6. g3 O-O 7. Bg2 c6 8. O-O Re8 9. a4 a5 10. h3 Bf8 11. g4 g6 12. Bf4 h5 13. g5 Nfd7 14. Qd2 Ne5 15. Rad1 Na6 16. b3 Bd7 17. Bg3 c5 18. Ndb5 Bxh3 19. f4 Bxg2 20. Kxg2 Ng4 21. f5 Nb4 22. Rf3 Ne5 23. Rf2 Ng4 24. fxg6 Nxf2 25. gxf7+ Kxf7 26. Qxf2+ Kg8 27. g6 Bg7 28. Qf7+ Kh8 29. Qf5 Kg8 30. Qxh5 Re6 31. Qh7+ Kf8 32. Rf1+ Rf6 33. Bxd6+ 1-0

[Event "Oberliga Ost B 2023 2024"]
[Site "?"]
[Date "2023.12.02"]
[Round "2.2"]
[Board "8"]
[White "Rosenberger, Frank"]
[Black "Engel, Berthold"]
[Result "1/2-1/2"]
[WhiteElo "2014"]
[BlackElo "2074"]
[PlyCount "44"]
[EventDate "2023.10.22"]
[EventType "team-tourn"]
[EventCountry "GER"]
[WhiteTeam "Gernsheim SK"]
[BlackTeam "Hofheim SV II"]
[WhiteTeamCountry "GER"]
[BlackTeamCountry "GER"]

1. e4 e6 2. d4 d5 3. Nc3 Nf6 4. e5 Ng8 5. Bd3 b6 6. Nce2 Ba6 7. Bxa6 Nxa6 8. c3 Nb8 9. Nf3 Be7 10. O-O Qd7 11. Ng3 g6 12. a4 a5 13. Be3 Nc6 14. Qd3 h5 15. h4 Nh6 16. Bg5 Bxg5 17. Nxg5 Ne7 18. Qf3 Nef5 19. Nxf5 Nxf5 20. g3 Kf8 21. Qf4 Kg7 22. Qd2 c5 1/2-1/2

[Event "Oberliga Ost B 2023 2024"]
[Site "?"]
[Date "2023.12.02"]
[Round "2.3"]
[Board "1"]
[White "Popovics, Adam"]
[Black "Bethke, Richard"]
[Result "0-1"]
[WhiteElo "2365"]
[BlackElo "2354"]
[PlyCount "188"]
[EventDate "2023.10.22"]
[EventType "team-tourn"]
[EventCountry "GER"]
[WhiteTeam "Eppstein SVG"]
[BlackTeam "Neuberg SF"]
[WhiteTeamCountry "GER"]
[BlackTeamCountry "GER"]

1. d4 Nf6 2. c4 e6 3. Nf3 b6 4. a3 Bb7 5. Nc3 d5 6. Bg5 Be7 7. e3 O-O 8. Rc1 h6 9. Bh4 Ne4 10. Bxe7 Qxe7 11. cxd5 exd5 12. Bd3 Nd7 13. O-O Rac8 14. Nb5 a6 15. Na7 Ra8 16. Nc6 Qe6 17. Qc2 Rfc8 18. b4 Nd6 19. a4 Nb8 20. Nce5 a5 21. b5 c5 22. bxc6 Nxc6 23. Nxc6 Bxc6 24. Qb3 Nc4 25. Rc3 Rab8 26. Qc2 Rc7 27. Rc1 b5 28. axb5 Bxb5 29. Qa2 Qa6 30. Ne1 a4 31. Nc2 Qa5 32. Na3 Ba6 33. h3 Rb3 34. Rxb3 axb3 35. Qxb3 g6 36. Qc3 Qa4 37. Nxc4 dxc4 38. Be2 Bb7 39. f3 h5 40. Kf2 Kh7 41. Qb2 Bd5 42. Qb6 Rb7 43. Qd6 Be6 44. e4 Rb2 45. Qf4 c3 46. Rxc3 Bc4 47. Rxc4 Qxc4 48. Qe3 Qb4 49. h4 Rb3 50. Qf4 Qxd4+ 51. Kg3 Kg7 52. e5 Qxf4+ 53. Kxf4 Rb4+ 54. Kg3 Kf8 55. f4 Ke7 56. Kf3 Ke6 57. g4 g5 58. hxg5 h4 59. Bf1 Kd5 60. Bg2 Rb2 61. g6 fxg6 62. g5 Kd4 63. Bf1 Rb3+ 64. Kg4 Rg3+ 65. Kxh4 Rf3 66. Bb5 Rxf4+ 67. Kg3 Rf5 68. Kg4 Rxe5 69. Ba4 Re2 70. Kf3 Re3+ 71. Kf4 Re2 72. Kf3 Re5 73. Kf4 Rf5+ 74. Kg4 Ke3 75. Bc2 Rf4+ 76. Kg3 Rf1 77. Bxg6 Rg1+ 78. Kh3 Kf4 79. Be8 Rxg5 80. Bc6 Rc5 81. Bb7 Rc3+ 82. Kg2 Rc2+ 83. Kh3 Rc7 84. Bd5 Rg7 85. Kh2 Rg3 86. Bc6 Rc3 87. Bd5 Ra3 88. Bc6 Rg3 89. Bd5 Kg4 90. Bc4 Kf3 91. Bd5+ Kf2 92. Ba2 Ra3 93. Bb1 Rb3 94. Bc2 Rb2 0-1

[Event "Oberliga Ost B 2023 2024"]
[Site "?"]
[Date "2023.12.02"]
[Round "2.3"]
[Board "2"]
[White "Kuenstler, Christian"]
[Black "Berebora, Ferenc"]
[Result "1/2-1/2"]
[WhiteElo "2278"]
[BlackElo "2403"]
[PlyCount "29"]
[EventDate "2023.10.22"]
[EventType "team-tourn"]
[EventCountry "GER"]
[WhiteTeam "Neuberg SF"]
[BlackTeam "Eppstein SVG"]
[WhiteTeamCountry "GER"]
[BlackTeamCountry "GER"]

1. d4 e6 2. c4 Bb4+ 3. Bd2 a5 4. Nf3 Nf6 5. a3 Bxd2+ 6. Qxd2 b6 7. e3 d6 8. Nc3 Nbd7 9. Be2 O-O 10. O-O Bb7 11. Qc2 Qe7 12. Nd2 c5 13. Bf3 d5 14. cxd5 exd5 15. Rfd1 1/2-1/2

[Event "Oberliga Ost B 2023 2024"]
[Site "?"]
[Date "2023.12.02"]
[Round "2.3"]
[Board "3"]
[White "Doluhanova, Evgeniya"]
[Black "Lutz, Klaus Juergen"]
[Result "1-0"]
[WhiteElo "2162"]
[BlackElo "2260"]
[PlyCount "53"]
[EventDate "2023.10.22"]
[EventType "team-tourn"]
[EventCountry "GER"]
[WhiteTeam "Eppstein SVG"]
[BlackTeam "Neuberg SF"]
[WhiteTeamCountry "GER"]
[BlackTeamCountry "GER"]

1. Nf3 f5 2. d4 Nf6 3. c4 e6 4. a3 Be7 5. Nc3 b6 6. g3 Bb7 7. Bg2 a5 8. O-O O-O 9. d5 Qc8 10. Nd4 c6 11. Bf4 Nh5 12. Bxb8 Rxb8 13. e4 g6 14. e5 exd5 15. cxd5 b5 16. d6 Bd8 17. Rc1 b4 18. axb4 axb4 19. Nd5 Ba6 20. Re1 Ng7 21. e6 Nxe6 22. Nxe6 dxe6 23. Ne7+ Bxe7 24. dxe7 Re8 25. Rxc6 Qb7 26. Rcxe6 Qa7 27. Qa4 1-0

[Event "Oberliga Ost B 2023 2024"]
[Site "?"]
[Date "2023.12.02"]
[Round "2.3"]
[Board "4"]
[White "Schaffer, Hendrik"]
[Black "Marschner, Thomas"]
[Result "1/2-1/2"]
[WhiteElo "2247"]
[BlackElo "1932"]
[PlyCount "32"]
[EventDate "2023.10.22"]
[EventType "team-tourn"]
[EventCountry "GER"]
[WhiteTeam "Neuberg SF"]
[BlackTeam "Eppstein SVG"]
[WhiteTeamCountry "GER"]
[BlackTeamCountry "GER"]

1. d4 Nf6 2. c4 g6 3. Nc3 Bg7 4. e4 d6 5. Nf3 O-O 6. Be2 e5 7. O-O exd4 8. Nxd4 Re8 9. f3 Nc6 10. Be3 Nh5 11. Nxc6 bxc6 12. g4 Be5 13. Qd2 Bxh2+ 14. Kxh2 Qh4+ 15. Kg2 Qg3+ 16. Kh1 Qh3+ 1/2-1/2